Statistics for Tour de France 2019 stage winners

Click here to take the quiz!

General Stats

  • This quiz has been taken 228 times
  • The average score is 16 of 20

Answer Stats

StageTypeCountryWinner% Correct
3HillyFranceJulian Alaphilippe
93%
13Time trialFranceJulian Alaphilippe
93%
5HillySlovakiaPeter Sagan
93%
21FlatAustraliaCaleb Ewan
90%
16FlatAustraliaCaleb Ewan
90%
11FlatAustraliaCaleb Ewan
90%
14MountainFranceThibaut Pinot
89%
20MountainItalyVincenzo Nibali
87%
18MountainColombiaNairo Quintana
85%
12MountainUKSimon Yates
83%
15MountainUKSimon Yates
83%
2Team time trialNetherlandsTeam Jumbo-Visma
81%
7FlatNetherlandsDylan Groenewegen
74%
4FlatItalyElia Viviani
72%
10FlatBelgiumWout van Aert
70%
1FlatNetherlandsMike Teunissen
69%
9HillySouth AfricaDaryl Impey
66%
8HillyBelgiumThomas De Gendt
63%
6MountainBelgiumDylan Teuns
56%
17HillyItalyMatteo Trentin
53%

Score Distribution

Percentile by Number Answered

Percent of People with Each Score

Your Score History

You have not taken this quiz